| 000 | 00461ngm a2200169 i 4500 | ||
|---|---|---|---|
| 001 | C2-0324815 | ||
| 003 | PPAK | ||
| 005 | 20180727222000.0 | ||
| 008 | 131230s2005 my |||| ||||| | vlchi d | ||
| 040 |
_aPPAK _beng _cPPAK _erda |
||
| 245 | 0 | 0 | _aAll's well end's well |
| 264 | 1 |
_aKuala Lumpur : _bSpeedy Video Distributors Sdn. Bhd , _c2005 |
|
| 336 |
_2rdacontent _atext |
||
| 337 |
_2rdamedia _aunmediated |
||
| 338 |
_2rdacarrier _avolume |
||
| 942 |
_2ddc _cDVD |
||
| 999 |
_c167481 _d167481 |
||